|
|
|
|
| LEADER |
00000nas a2200000 i 4500 |
| 001 |
ssj0000580349 |
| 003 |
WaSeSS |
| 005 |
20200512172242.0 |
| 006 |
m d |
| 007 |
cr n |
| 008 |
991110c19989999ck ar p s 0 0spa c |
| 010 |
|
|
|a 2015240363
|
| 022 |
|
|
|a 2256-5493
|y 0123-4986
|
| 035 |
|
|
|a (WaSeSS)ssj0000580349
|
| 040 |
|
|
|a Nz
|b eng
|c Z5A
|e pn
|d OCLCO
|d HUA
|d OCLCF
|d OCLCO
|d OCL
|d IXA
|d OCLCO
|d CUS
|d OCLCA
|d WaSeSS
|
| 042 |
|
|
|a pcc
|
| 043 |
|
|
|a s-ck---
|
| 130 |
0 |
|
|a Trabajo social (Bogota, Colombia)
|
| 245 |
1 |
0 |
|a Trabajo social
|h [electronic resource].
|
| 246 |
1 |
|
|a Revista de trabajo social
|
| 260 |
|
|
|a Bogotá :
|b Departamento de Trabajo Social, Facultad de Ciencias Humanas, Universidad Nacional de Colombia.
|c 1998-
|
| 310 |
|
|
|a Annual
|
| 362 |
1 |
|
|a Began with No. 1 (1998).
|
| 506 |
|
|
|a License restrictions may limit access.
|
| 588 |
|
|
|a Description based on: No. 1 (1998); title from PDF cover (publisher's Web site, viewed Aug. 19, 2015).
|
| 588 |
|
|
|a Latest issue consulted: No. 16 (enero-diciembre 2014) (viewed Aug. 19, 2015).
|
| 648 |
|
7 |
|a Since 1970
|2 fast
|
| 650 |
|
0 |
|a Social service
|z Colombia
|v Periodicals.
|
| 650 |
|
0 |
|a Social service
|v Periodicals.
|
| 650 |
|
7 |
|a Social conditions
|2 fast
|0 (OCoLC)fst01919811
|
| 650 |
|
7 |
|a Social service.
|2 fast
|0 (OCoLC)fst01123192
|
| 651 |
|
0 |
|a Colombia
|x Social conditions
|y 1970-
|v Periodicals.
|
| 651 |
|
7 |
|a Colombia.
|2 fast
|0 (OCoLC)fst01205916
|
| 655 |
|
0 |
|a Electronic journals.
|
| 710 |
2 |
|
|a Universidad Nacional de Colombia.
|b Departamento de Trabajo Social.
|
| 776 |
0 |
8 |
|i Print version:
|t Trabajo social (Bogota, Colombia)
|w (DLC) 99124001
|w (OCoLC)42803783
|
| 856 |
4 |
0 |
|z Full text available from Research Library: 01/01/2004 to present
|u https://search.proquest.com/publication/2035753
|